[Event "LTU ch Semifinal 2021"]
[Site "Kaunas"]
[Date "2021.09.29"]
[Round "8"]
[Board "3"]
[White "Indriunas, Matas"]
[Black "Eigminas, Kipras"]
[Result "1/2-1/2"]
[WhiteElo "2205"]
[BlackElo "2140"]
[PlyCount "115"]
[EventDate "2021.09.24"]
[EventRounds "8"]
[EventCountry "LTU"]

1. e4 c5 2. Nf3 d6 3. d4 cxd4 4. Nxd4 Nf6 5. Nc3 g6 6. Be3 Bg7 7. f3 O-O 8. Qd2
Nc6 9. O-O-O d5 10. exd5 Nxd5 11. Nxc6 bxc6 12. Bd4 Bxd4 13. Qxd4 Qb6 14. Na4
Qa5 15. b3 Be6 16. Qe5 Qb4 17. Kb2 Rab8 18. Rd4 Qd6 19. Qxd6 exd6 20. Bc4 Ne3
21. Bxe6 fxe6 22. Rd3 Nxg2 23. Rxd6 Rbe8 24. h4 Rxf3 25. h5 Nf4 26. hxg6 Nxg6
27. Nc5 Rf4 28. Rxe6 Rxe6 29. Nxe6 Rg4 30. Kc3 Ne7 31. Nd4 c5 32. Ne6 Nd5+ 33.
Kb2 Rg2 34. Rf1 h5 35. Rf8+ Kh7 36. Rf5 Rxc2+ 37. Kb1 Rd2 38. Rxh5+ Kg8 39. Kc1
Rd3 40. Kb2 Rd2+ 41. Ka3 Nc3 42. Rxc5 Rxa2+ 43. Kb4 Ne4 44. Ra5 Rxa5 45. Kxa5
Kf7 46. Nd8+ Ke8 47. Nc6 Kd7 48. Nxa7 Kc7 49. b4 Nc3 50. Ka6 Nd5 51. b5 Nb4+
52. Ka5 Kb7 53. Kxb4 Kxa7 54. Kc5 Kb7 55. b6 Kb8 56. Kc6 Kc8 57. b7+ Kb8 58.
Kb6  1/2-1/2

[Event "LTU ch Semifinal 2021"]
[Site "Kaunas"]
[Date "2021.09.29"]
[Round "8"]
[Board "4"]
[White "Kalvaitis, Sigitas"]
[Black "Povilaitis, Tomas"]
[Result "0-1"]
[WhiteElo "2171"]
[BlackElo "1973"]
[PlyCount "116"]
[EventDate "2021.09.24"]
[EventRounds "8"]
[EventCountry "LTU"]

1. e4 c5 2. Nf3 Nc6 3. Bb5 d6 4. O-O Bd7 5. c3 Nf6 6. Qe2 a6 7. Ba4 b5 8. Bc2
Bg4 9. h3 Bxf3 10. Qxf3 g6 11. d3 Bg7 12. a4 b4 13. Be3 Nd7 14. Qd1 Qb6 15. Qc1
h6 16. Bd1 Qa5 17. Be2 Rb8 18. f4 O-O 19. f5 Kh7 20. g4 Qb6 21. Nd2 bxc3 22.
bxc3 Qb2 23. Qxb2 Rxb2 24. Rfc1 Rfb8 25. Kf1 Na5 26. h4 Rxd2 27. Bxd2 Nb3 28.
Ke1 Be5 29. h5 gxh5 30. gxh5 Rg8 31. Bf1 Rb8 32. Be2 Nxa1 33. Rxa1 Rb3 34. Rc1
a5 35. Bd1 Rb2 36. c4 Rxd2 37. Kxd2 Bf4+ 38. Kc2 Bxc1 39. Kxc1 Kg7 40. Kd2 Kf6
41. Ke3 Ke5 42. Be2 Nb8 43. Bd1 Nc6 44. Be2 e6 45. fxe6 fxe6 46. Bd1 Nd8 47.
Be2 Nf7 48. Bd1 Ng5 49. Be2 Kf6 50. Kf4 e5+ 51. Kg4 Ne6 52. Kh4 Nd8 53. Bd1 Nc6
54. Be2 Nb4 55. Bf1 Na2 56. Bh3 Ke7 57. Kg4 Nc3 58. Kf5 Kf7  0-1

[Event "LTU ch Semifinal 2021"]
[Site "Kaunas"]
[Date "2021.09.29"]
[Round "8"]
[Board "5"]
[White "Greicius, Pijus"]
[Black "Simkunaite, Gabija"]
[Result "1-0"]
[WhiteElo "2080"]
[BlackElo "1948"]
[PlyCount "39"]
[EventDate "2021.09.24"]
[EventRounds "8"]
[EventCountry "LTU"]

1. d4 d5 2. c4 c6 3. cxd5 cxd5 4. Bf4 Nf6 5. Nc3 g6 6. e3 Bg7 7. Bd3 O-O 8. h3
Nc6 9. Nf3 Re8 10. O-O Nh5 11. Bh2 e5 12. dxe5 Nxe5 13. Bb5 Nxf3+ 14. Qxf3 Bd7
15. Bxd7 Qxd7 16. Nxd5 Be5 17. g4 Qd6 18. Bxe5 Rxe5 19. Rad1 Kg7 20. gxh5  1-0

[Event "LTU ch Semifinal 2021"]
[Site "Kaunas"]
[Date "2021.09.29"]
[Round "8"]
[Board "6"]
[White "Bagdanskis, Dangis"]
[Black "Pidluznij, Gleb"]
[Result "0-1"]
[WhiteElo "1893"]
[BlackElo "2008"]
[PlyCount "90"]
[EventDate "2021.09.24"]
[EventRounds "8"]
[EventCountry "LTU"]

1. d4 Nf6 2. Nf3 g6 3. c4 Bg7 4. Nc3 O-O 5. e4 d6 6. Be2 c5 7. d5 e6 8. h3 exd5
9. exd5 Re8 10. O-O Ne4 11. Nxe4 Rxe4 12. Bd3 Re8 13. Bg5 Bf6 14. Re1 Rxe1+ 15.
Qxe1 Bxg5 16. Nxg5 Qxg5 17. Qe8+ Kg7 18. Qxc8 Qe7 19. f4 Qd7 20. Qxd7 Nxd7 21.
Re1 h6 22. Kf2 Rd8 23. Kf3 Kf6 24. h4 g5 25. hxg5+ hxg5 26. Rh1 gxf4 27. Kxf4
Rg8 28. g4 Ne5 29. Rh6+ Ke7 30. Be2 Rg6 31. Rh8 Rxg4+ 32. Bxg4 Ng6+ 33. Kf5
Nxh8 34. Bh5 f6 35. Kf4 Nf7 36. Bxf7 Kxf7 37. Kf5 a6 38. b3 b6 39. a3 b5 40.
cxb5 axb5 41. Ke4 Ke7 42. Kf5 Kd7 43. b4 c4 44. Ke4 f5+ 45. Ke3 Kc7  0-1

[Event "LTU ch Semifinal 2021"]
[Site "Kaunas"]
[Date "2021.09.29"]
[Round "8"]
[Board "7"]
[White "Grybas, Gintaras"]
[Black "Aleknavicius, Andrius"]
[Result "0-1"]
[WhiteElo "2007"]
[BlackElo "1989"]
[PlyCount "98"]
[EventDate "2021.09.24"]
[EventRounds "8"]
[EventCountry "LTU"]

1. Nf3 f5 2. d3 Nc6 3. Nc3 e5 4. e4 Nf6 5. exf5 d5 6. Nh4 Be7 7. g3 O-O 8. Bh3
d4 9. Nb1 Nd5 10. Qh5 Bxh4 11. gxh4 Nf4 12. Bxf4 exf4 13. Nd2 Qe8+ 14. Qxe8
Rxe8+ 15. Kd1 Rf8 16. Nf3 Bxf5 17. Bxf5 Rxf5 18. Re1 h6 19. Re4 Rd8 20. Kd2 Kf7
21. Rg1 Kf6 22. Rg4 Rdd5 23. Rgxf4 Rxf4 24. Rxf4+ Rf5 25. Rxf5+ Kxf5 26. h3 Kf4
27. Ke2 g6 28. a3 a6 29. b4 Kf5 30. Nd2 Kf4 31. Ne4 b6 32. Nf6 Ne7 33. h5 Kg5
34. Ne8 Nd5 35. hxg6 Kxg6 36. Kf3 Kf7 37. Ke4 Nc3+ 38. Kxd4 Nb5+ 39. Kd5 Kxe8
40. Kc6 Nxa3 41. Kxc7 Nxc2 42. Kxb6 Nxb4 43. d4 Kd7 44. Ka5 Nc6+ 45. Kxa6 Nxd4
46. Ka5 Ke6 47. Kb4 Kf5 48. Kc4 Ne2 49. h4 Nf4  0-1

[Event "LTU ch Semifinal 2021"]
[Site "Kaunas"]
[Date "2021.09.29"]
[Round "8"]
[Board "8"]
[White "Narmontas, Raimondas"]
[Black "Slusnys, Evaldas"]
[Result "1/2-1/2"]
[WhiteElo "1983"]
[BlackElo "1747"]
[PlyCount "85"]
[EventDate "2021.09.24"]
[EventRounds "8"]
[EventCountry "LTU"]

1. d4 Nf6 2. Bg5 d5 3. Nd2 c5 4. e3 Nc6 5. c3 cxd4 6. exd4 Bg4 7. Qb3 Qb6 8.
Ngf3 e6 9. Bf4 Rc8 10. Bd3 Be7 11. O-O O-O 12. h3 Bh5 13. Rfe1 Bg6 14. Bxg6
hxg6 15. Rab1 Qa6 16. a3 b5 17. Bg5 Rfe8 18. Ne5 Nxe5 19. dxe5 Nd7 20. Bxe7
Rxe7 21. Qb4 Ree8 22. Qh4 Qb6 23. Nf3 Rc4 24. Qg5 Qd8 25. Qd2 Qe7 26. Qe3 Re4
27. Qd3 Rxe1+ 28. Rxe1 Rb8 29. Nd4 Nc5 30. Qe2 Qd7 31. h4 Ne4 32. Qg4 Rb6 33.
f3 Nc5 34. Re3 Qe7 35. h5 g5 36. b4 Nd7 37. f4 gxf4 38. Qxf4 a6 39. Rg3 Qf8 40.
Nf3 Rc6 41. Qg5 Rxc3 42. Rg4 Rc4 43. Rg3  1/2-1/2

[Event "LTU ch Semifinal 2021"]
[Site "Kaunas"]
[Date "2021.09.29"]
[Round "8"]
[Board "9"]
[White "Morkunas, Gustas"]
[Black "Raugevicius, Matas"]
[Result "1-0"]
[WhiteElo "1885"]
[BlackElo "1398"]
[PlyCount "99"]
[EventDate "2021.09.24"]
[EventRounds "8"]
[EventCountry "LTU"]

1. e4 c5 2. Nf3 e6 3. d4 cxd4 4. Nxd4 Nc6 5. Nc3 Qc7 6. g3 a6 7. Bg2 h5 8. h3
Nge7 9. O-O Nxd4 10. Qxd4 Nc6 11. Qd1 Bc5 12. Bf4 Ne5 13. Na4 Be7 14. Qd4 d6
15. Rad1 O-O 16. Nb6 Rb8 17. Nxc8 Rbxc8 18. Bxe5 dxe5 19. Qd7 Rfd8 20. Qxc7
Rxc7 21. Rxd8+ Bxd8 22. Rd1 Be7 23. c3 Kf8 24. Bf1 Ke8 25. Bd3 Rd7 26. Kf1 f5
27. Ke2 fxe4 28. Bxe4 Rxd1 29. Kxd1 b6 30. Bg6+ Kd7 31. Bxh5 Kd6 32. Bf3 a5 33.
a4 Bg5 34. Kc2 Kc5 35. Kd3 Bc1 36. b3 Bb2 37. Bb7 Bc1 38. f3 Kd6 39. h4 Kc5 40.
Bc8 e4+ 41. Kxe4 Bd2 42. Bxe6 Kd6 43. Bc4 Bxc3 44. h5 Ke7 45. Kf5 Kf8 46. Kg6
Bb2 47. f4 Bc3 48. g4 Bb2 49. g5 Bc3 50. f5  1-0

[Event "LTU ch Semifinal 2021"]
[Site "Kaunas"]
[Date "2021.09.29"]
[Round "8"]
[Board "10"]
[White "Povilaitis, Matas"]
[Black "Vazgauskas, Povilas"]
[Result "1-0"]
[WhiteElo "1720"]
[BlackElo "1532"]
[PlyCount "55"]
[EventDate "2021.09.24"]
[EventRounds "8"]
[EventCountry "LTU"]

1. d4 Nf6 2. Bg5 e6 3. e3 Be7 4. Bd3 d5 5. Bxf6 Bxf6 6. f4 g6 7. Nf3 Nc6 8. c3
Bd7 9. Nbd2 Qe7 10. Qe2 h5 11. e4 dxe4 12. Nxe4 Bg7 13. Nc5 Bc8 14. Bb5 O-O 15.
Bxc6 bxc6 16. Qe4 Qd6 17. O-O-O Bh6 18. Ne5 Qd5 19. Rhf1 Qxa2 20. Qb1 Qd5 21.
Rf3 Kg7 22. c4 Qd6 23. Qe4 a5 24. Rg3 f5 25. Rxg6+ Kh7 26. Qf3 Bg7 27. Qxh5+
Kg8 28. Rxg7+  1-0

[Event "LTU ch Semifinal 2021"]
[Site "Kaunas"]
[Date "2021.09.29"]
[Round "8"]
[Board "11"]
[White "Praspaliauskas, Matas"]
[Black "Bosikis, Titas"]
[Result "1-0"]
[WhiteElo "1313"]
[BlackElo "1373"]
[PlyCount "73"]
[EventDate "2021.09.24"]
[EventRounds "8"]
[EventCountry "LTU"]

1. e4 e5 2. Nf3 Nf6 3. Nc3 Nc6 4. d4 exd4 5. Nxd4 Bb4 6. Nxc6 bxc6 7. Bd3 d5 8.
exd5 cxd5 9. O-O O-O 10. Bg5 Bxc3 11. bxc3 h6 12. Bh4 Qd6 13. Qf3 Bg4 14. Qg3
g5 15. Qxd6 cxd6 16. Bg3 Rfd8 17. Rae1 Nh5 18. f4 Nxg3 19. hxg3 Bh5 20. fxg5
hxg5 21. Rf5 Rac8 22. Rxg5+ Bg6 23. Re7 Kf8 24. Rxa7 Bxd3 25. cxd3 Rxc3 26.
Rxd5 Rc5 27. Rd4 Rf5 28. a4 Rc8 29. g4 Rf6 30. a5 Rc2 31. g5 Rff2 32. Rg4 Rfd2
33. Rg3 Rc1+ 34. Kh2 Rdd1 35. Rf3 Rh1+ 36. Kg3 Rc5 37. Rfxf7+  1-0

[Event "LTU ch Semifinal 2021"]
[Site "Kaunas"]
[Date "2021.09.29"]
[Round "8"]
[Board "12"]
[White "Berginas, Sigitas"]
[Black "Zalimas, Ugnius"]
[Result "1-0"]
[WhiteElo "1380"]
[BlackElo "1324"]
[PlyCount "119"]
[EventDate "2021.09.24"]
[EventRounds "8"]
[EventCountry "LTU"]

1. d4 Nf6 2. Nf3 g6 3. g3 Bg7 4. Bg2 O-O 5. O-O d6 6. Re1 Nbd7 7. c3 Qe8 8. Qc2
Rb8 9. Bg5 b6 10. Bxf6 Nxf6 11. Nbd2 Bb7 12. e4 e5 13. dxe5 dxe5 14. Rad1 Rd8
15. Re2 Ba6 16. c4 c5 17. a4 Qe7 18. b3 Nd7 19. Nb1 Nb8 20. Nc3 Bb7 21. Nd5
Bxd5 22. exd5 f5 23. Rde1 e4 24. Nd2 Na6 25. f4 Nb4 26. Qd1 Nd3 27. Bxe4 Bd4+
28. Kf1 fxe4 29. Rxe4 Qf6 30. R1e2 Qg5 31. Nf3 Qf5 32. Nxd4 cxd4 33. Qxd3 Rde8
34. Qxd4 Rxe4 35. Qxe4 Qh3+ 36. Kg1 Kg7 37. Qe6 Rf5 38. Re5 Qg4 39. Rxf5 Qd1+
40. Kf2 gxf5 41. Qe7+ Kg6 42. Qg5+ Kf7 43. Qxf5+ Kg8 44. Qe6+ Kf8 45. f5 Qc2+
46. Kg1 Qxb3 47. f6 Qb1+ 48. Kg2 Qb4 49. Qe7+ Qxe7 50. fxe7+ Kxe7 51. g4 Kd6
52. h4 a6 53. g5 b5 54. cxb5 a5 55. h5 Kxd5 56. g6 hxg6 57. h6 Kc4 58. h7 Kb4
59. h8=Q Kxa4 60. b6  1-0

[Event "LTU ch Semifinal 2021"]
[Site "Kaunas"]
[Date "2021.09.29"]
[Round "8"]
[Board "13"]
[White "Barsciauskas, Gintautas"]
[Black "Kavaliauskas, Tomas"]
[Result "1-0"]
[WhiteElo "1544"]
[BlackElo "1361"]
[PlyCount "101"]
[EventDate "2021.09.24"]
[EventRounds "8"]
[EventCountry "LTU"]

1. c4 Nf6 2. g3 e5 3. Bg2 Bc5 4. e3 Nc6 5. Ne2 O-O 6. O-O d6 7. Nbc3 a6 8. d4
Ba7 9. d5 Ne7 10. e4 Bd7 11. Kh1 Ng6 12. h3 Qc8 13. Kh2 h5 14. Qd3 h4 15. Bg5
Nh7 16. Be3 hxg3+ 17. fxg3 Bxe3 18. Qxe3 f6 19. b4 Ng5 20. Ng1 Kh7 21. Qe2 Kg8
22. Rad1 Kf7 23. h4 Rh8 24. Nf3 Nxf3+ 25. Bxf3 Rh6 26. Rh1 Qh8 27. Kg1 Qh7 28.
Rd2 Ne7 29. Qd1 Rh8 30. Rdh2 g5 31. h5 Rg8 32. g4 Rd8 33. a4 Qh8 34. Qb3 Qe8
35. a5 b5 36. Rc2 bxc4 37. Qxc4 Rb8 38. Kf2 Qc8 39. Kg3 Kg7 40. Rb1 c5 41. bxc5
Rxb1 42. Nxb1 Bb5 43. Qc3 dxc5 44. Qxc5 Qd8 45. Qc7 Qxc7 46. Rxc7 Kf8 47. Nc3
Bd3 48. d6 Ng8 49. Rc8+ Kf7 50. d7 Ne7 51. d8=Q  1-0